Principio de primaca̕ del derecho comunitario andino y sus efectos en la jurisprudencia del Consejo de Estado

Detalles Bibliográficos
Autor principal: Cubillos Hernǹdez, Andrea
Formato: eBook
Lenguaje:español
Publicado: Bogot:̀ Editorial Universidad de Rosario (Colombia), 2019
Materias:
Acceso en línea:Acceso restringido

MARC

LEADER 00000nam a22000007a 4500
005 20200109225146.0
007 cr|||| ||||
008 200109s2019 co |||||s|||| 00||0 spa d
020 |a 978-958-784-248-7 
035 |a 30938 
040 |a vLex 
090 |c 10106  |d 10106 
100 1 |a Cubillos Hernǹdez, Andrea 
245 1 0 |a Principio de primaca̕ del derecho comunitario andino y sus efectos en la jurisprudencia del Consejo de Estado  |h [Recurso electrn̤ico] /  |c Andrea Cubillos Hernǹdez 
256 |a Servicio en ln̕ea 
260 |a Bogot:̀  |b Editorial Universidad de Rosario (Colombia),  |c 2019 
300 |a 1 recurso electrn̤ico 
500 |a Esta obra expone las razones ter̤icas y conceptuales tendientes a entender si existe en la realidad una primaca̕ del derecho comunitario andino sobre el ordenamiento jurd̕ico nacional y, por consiguiente, establecer la incidencia de este principio en las decisiones del Consejo de Estado como tribunal supremo de lo contencioso administrativo en el m̀bito interno. De esta manera, se hace necesario esclarecer los conflictos que se generan como consecuencia de que un Estado sea parte de una organizacin̤ de integracin̤. El texto se divide en cuatro capt̕ulos en los que se examina el grado de incidencia y vinculacin̤ que tienen las decisiones del r̤gano supranacional en los ordenamientos internos de los Estados; as,̕ se responde a la pregunta: ¿existe un conflicto entre la supremaca̕ constitucional y la primaca̕ del derecho comunitario como resultado de la intencin̤ de los Estados de conferir competencias a un r̤gano supranacional para la consecucin̤ de fines comunes? Adems̀, se analiza el mecanismo de la interpretacin̤ prejudicial con el fin de poder concluir si este mecanismo verdaderamente es la materializacin̤ del principio de primaca̕ del derecho comunitario. Finalmente, desde la perspectiva del principio de primaca̕ del derecho comunitario andino, se analizan algunas de las decisiones emitidas por el Consejo de Estado colombiano, mx̀imo tribunal de lo contencioso administrativo y r̤gano consultivo del Gobierno, mediante las cuales dicha corporacin̤ requiri ̤usar el mecanismo de la interpretacin̤ prejudicial para poder emitir sus fallos. Palabras clave: primaca̕ del derecho comunitario andino, Comunidad Andina, interaccin̤ con los ordenamientos internos, principio de supremaca̕ constitucional, derecho de la integracin̤. 
506 1 |a Disponible solo en los productos indicados  |d vLex Global  |d vLex Global (Academic Edition, excluding Law Schools)  |d vLex Global (U.S. Academic Edition, Law Schools)  |d vLex Global (U.S. Academic Edition, excluding Law Schools)  |d vLex Global (Academic Edition, Law Schools) 
650 0 4 |a Derecho Comunitario  |z Colombia 
650 0 4 |a Derecho Constitucional  |z Colombia 
740 0 |a vLex Libros (Servicio en ln̕ea) 
856 4 0 |u http://vlex.com/source/principio-de-primacia-del-derecho-comunitario-andino-y-sus-efectos-en-la-jurisprudencia-del-consejo-de-estado-30938  |z Acceso restringido 
942 |c BOOK 
999 0 |a Community Law 
999 0 |a Constitutional Law